| 000 | 01239nam a2200337 i 4500 | ||
|---|---|---|---|
| 003 | DO-SdBNP | ||
| 005 | 20240712121140.0 | ||
| 006 | a||||gr|||| 00| 0 | ||
| 007 | ta | ||
| 008 | 230904e1988 dr ac||| |||| 00| 0 eng d | ||
| 040 |
_aDO-SdBNP _bspa _cBNPHU _erda |
||
| 082 | 4 |
_222 _bN964c |
|
| 100 | 1 |
_aNúñez, Elsa, _d1943- _eautora _914462 |
|
| 245 |
_a4 artistas de republica dominicana. / _cE. Núñez, G. Pérez, J. Severino, C. Bido. |
||
| 246 | _aCuatro artistas de republica dominicana | ||
| 264 | 1 |
_aCosta Rica : _bMuseos Banco Central de Costa Rica, _c1988 |
|
| 300 |
_a[10] páginas : _bIlustraciones, retrato ; _c22 cm |
||
| 336 |
_2rdacontent _atexto _btxt |
||
| 337 |
_2rdamedia _asin mediación _bn |
||
| 338 |
_2rdacarrier _avolumen _bnc |
||
| 590 | _aInventariado 2023 / MF | ||
| 600 | 4 |
_2Núñez, Elsa _xBiografía _984000 |
|
| 600 | 1 | 0 |
_aBidó, Cándido, _d1936-2011 _xBiografía _929482 |
| 600 | 4 |
_aPérez, Guillo _918631 _xBiografía |
|
| 600 | 4 |
_aSeverino, Jorge _957379 _vBiografía |
|
| 700 | 1 |
_aBidó, Cándido, _d1936-2011 _eautor _929482 |
|
| 700 | 1 |
_aPérez, Guillo _918631 _eautor |
|
| 700 | 1 |
_aSeverino, Jorge _957379 _eautor |
|
| 710 | 2 |
_aEmbajada de República Dominicana en Costa Rica _984050 |
|
| 942 |
_2ddc _cLF2 |
||
| 999 |
_c54616 _d54616 |
||